=LDR 00000nam 2200000 4500 =001 INLIS000000000037083 =005 20140619115931.0 =006 =007 =008 Ind =035 ##$$a 0010-061300000037083 =041 ##$$a Ind =082 ##$$a 808.02 =090 ##$$a 808.02, Atm m =100 ##$$a Atmowiloto, Arswendo =245 ##$$a Mengarang itu gampang, menulis ekonomis dan laku, Arswendo Atmowiloto =260 ##$$a 2011 $b Jakarta =300 ##$$a 256 hlm, 21 cm =650 ##$$a kepengarangan =850 ##$$a NBPNMAT